Cuenta conmigo (Registro nro. 17808)

Detalles MARC
000 -LDR (LÍDER)
Campo de control de longitud fija 01400nam a2200325 4500
003 - IDENTIFICADOR DEL NÚMERO DE CONTROL
Campo de control CO-PeBPR
005 - FECHA Y HORA DE LA ÚLTIMA TRANSACCIÓN
Campo de control 20260428150555.0
008 - ELEMENTOS DE DATOS DE LONGITUD FIJA--INFORMACIÓN GENERAL
Campo de control de longitud fija 260415e2024 ck a|||| n||| 00| 0 spa c
020 ## - Código Internacional normalizado para libros
Código Internacional normalizado para libros 9786289562118
040 0# - FUENTE DE CATALOGACIÓN
Agencia catalogadora original CO-PeBPR
Idioma de la agencia catalogadora spa
Agencia que transcribe CO-PeBPR
Norma para la descripción rda
041 0# - Código del Idioma
Código idioma del recurso original spa
082 04 - NÚMERO DE CLASIFICACIÓN DECIMAL DEWEY
Número de clasificación (i) M863 C313c
100 1# - ASIENTO PRINCIPAL--NOMBRE PERSONAL
Nombre personal Carrasco, Elsa
Términos de relación autora
245 10 - MENCIÓN DE TÍTULO
Título propiamente dicho Cuenta conmigo
Mención de responsabilidad / Elsa Carrasco, Nancy Anaya ; ilustraciones de Paco Baca
250 ## - MENCIÓN DE EDICIÓN
Mención de edición Edición especial
264 #1 - Área de la Producción Publicación, Distribución, Manufactura, etc.
Lugar de publicación, distribución, etc. Bogotá, Colombia
Nombre de la editorial, distribuidor, etc. : Caballito de Acero
Fecha de publicación, distribución, etc. , 2024
300 ## - DESCRIPCIÓN FÍSICA
Extensión [38] páginas sin enumerar
Otros detalles físicos : ilustraciones a color
Dimensiones ; 20 centímetros
336 ## - Tipo de Contenido
Tipo de contenido texto
Código de tipo de contenido txt
Fuente rdacontenido
337 ## - Tipo de Medio
Tipo de Medio sin mediación
Código de tipo de medio n
Fuente rdamedio
338 ## - Tipo de Soporte
Tipo de soporte volumen
Código de tipo de soporte nc
Fuente rdasoporte
490 ## - MENCIÓN DE SERIE
Título de la serie Plan Nacional de Lectura, Escritura y Oralidad / Ministerio de Cultura, Las Artes y los Saberes
520 ## - NOTA DE RESUMEN, ETC.
Nota de sumario Esta es la historia de Arturo, un niño con autismo que ama el fútbol, se viste de azul y observa con atención todas las cosas que lo rodean. Con él aprenderás a ver el mundo a través de sus ojos, y tendrás un amigo con quien contar.
650 14 - ASIENTO SECUNDARIO DE MATERIA - TÉRMINO TEMÁTICO
Fuente del encabezado o término LEMB
Encabezamiento temático Autismo en la literatura
650 14 - ASIENTO SECUNDARIO DE MATERIA - TÉRMINO TEMÁTICO
Fuente del encabezado o término LEMB
Encabezamiento temático Cuentos infantiles mexicanos
650 14 - ASIENTO SECUNDARIO DE MATERIA - TÉRMINO TEMÁTICO
Fuente del encabezado o término LEMB
Encabezamiento temático Libros ilustrados para niños
650 14 - ASIENTO SECUNDARIO DE MATERIA - TÉRMINO TEMÁTICO
Fuente del encabezado o término LEMB
Encabezamiento temático Literatura infantil mexicana
700 1# - ASIENTO SECUNDARIO - NOMBRE PERSONAL
Nombre personal Anaya García, Nancy
Término de relación, rol en la obra autora
700 1# - ASIENTO SECUNDARIO - NOMBRE PERSONAL
Nombre personal Baca, Paco
Término de relación, rol en la obra ilustrador
942 ## - ENTRADA DE ELEMENTOS AGREGADOS (KOHA
Fuente de clasificación o esquema de estantería. Dewey Decimal Classification
Tipo de ítem Literatura Infantil
Existencias
Estado de pérdida Fuente del sistema de clasificación o colocación Estado de daño No disponible para préstamo Colección Biblioteca de origen Biblioteca actual Ubicación en estantería Signatura topográfica completa Ejemplar Código de barras Tipo de ítem Fecha de adquisición Fuente de adquisición Total de pagos Fecha de la última vez visto
  Dewey Decimal Classification     Infantil Sala de Patrimonio Bibliográfico y Documental - Biblioteca Departamental Sala de Patrimonio Bibliográfico y Documental - Biblioteca Departamental Área Infantil (i) M863 C313c Ej.1 RIBPD16109 Literatura Infantil 28/04/2026 Dotación MinCultura y BNC   28/04/2026